Normal view
MARC view
- Man-woman relationships -- Drama. Drama. DRAMA -- General
Entry Topical Term
001 - CONTROL NUMBER
- control field: 88909
003 - CONTROL NUMBER IDENTIFIER
- control field: NUST
005 - DATE AND TIME OF LATEST TRANSACTION
- control field: 20220210103834.0
008 - FIXED-LENGTH DATA ELEMENTS
- fixed length control field: 220210|| aca||aabn | a|a d
040 ## - CATALOGING SOURCE
- Original cataloging agency: NUST
- Transcribing agency: NUST
150 ## - HEADING--TOPICAL TERM
- Topical term or geographic name entry element: Man-woman relationships -- Drama. Drama. DRAMA -- General
670 ## - SOURCE DATA FOUND
- Source citation: Work cat.: (NUST)586213: Shaw, Bernard 88908, Man And Superman, 2014.
